Gorzów Wielkopolski czy Zielona Góra? - Statystyki

Ogólne statystyki
  • Ten quiz został rozwiązany 117 razy
  • Średni wynik to 12 z 20
Statystyki odpowiedzi
Zagadnienie Odpowiedź % Poprawnych
Przez które miasto przepływa Warta? Gorzów Wielkopolski
93%
Które z tych miast ma więcej mieszkańców? Zielona Góra
86%
Które miasto powiększyło swoje terytorium ponad 5-ciokrotnie w 2015 roku poprzez przyłączenie okolicznych miejscowości w swoje granice? Zielona Góra
86%
W którym z tych miast jeżdżą tramwaje? Gorzów Wielkopolski
80%
W którym mieście znajduje się ogród botaniczny? Zielona Góra
73%
Które z tych miast leży bliżej granicy z Niemcami? Gorzów Wielkopolski
72%
Przez które z tych miast przebiega droga S3? Oba
72%
Które z nich jest wyżej położone nad poziomem morza? Zielona Góra
71%
Które z nich jest siedzibą wojewódzkiego sejmiku? Zielona Góra
67%
Które miasto ma wyższą gęstość zaludnienia? Gorzów Wielkopolski
66%
Które miasto było stolicą województwa przed 1999 rokiem? Oba
64%
Drużyna żużlowa z którego miasta zdobyła więcej mistrzostw Polski? Gorzów Wielkopolski
63%
W którym z tych miast znajduje się główna katedra diecezjalna? Gorzów Wielkopolski
59%
Które miasto kilka razy zmieniało nazwę po II wojnie światowej? Gorzów Wielkopolski
58%
Które z miast otrzymało wcześniej lokatę miejską? Gorzów Wielkopolski
55%
W którym z tych miast urodził się były premier Polski? Gorzów Wielkopolski
52%
Które z tych miast ma bezpośrednie połączenie kolejowe ze Szczecinem? Zielona Góra
45%
Którego z tych miast nie ma w historycznej Wielkopolsce? Oba
44%
Które z tych miast ma orła na swoim herbie? Oba
22%
Z którego miasta pochodzi piosenkarz lub piosenkarka, który ma co najmniej 500 tysięcy miesięcznych odtworzeń na Spotify (stan na 28.09.2025)? Oba
9%
Nie znaleziono quizów pasujących do podanych kryteriów
Rozkład punktacji
Procent ludzi z każdym wynikiem
Percentyl według liczby udzielonych odpowiedzi
Twoja historia wyników
Nie rozwiązałeś tego quizu